000 00634nam a2200229Ia 4500
003 OSt
005 20221007070901.0
006 a|||||r|||| 00| 0
007 ta
008 221006b |||||||| |||| 00| 0 eng d
024 _a14,851
037 _cTextual
040 _aFLL
_cFLL
_beng
041 _2eng
_aeng
082 _aX:9:Z58, L2
100 _aBatygin K.S. Au.
_9687889
245 0 _aSoviet labor law and principles of civil law a textbook
260 _aJerusalem
_bKeter press Jerusalem
_c1972
300 _a354p
_ccm.
942 _hX:9:Z58, L2
_cTEXL
_2CC
999 _c1141798
_d1141798